| 000 | 00318nam a22001217a 4500 | ||
|---|---|---|---|
| 999 |
_c3396 _d3396 |
||
| 008 | 200611b ||||| |||| 00| 0 eng d | ||
| 100 |
_92211 _aSubramanian, V. |
||
| 245 | 1 | 0 | _aRule of the road / |
| 260 |
_aMumbai : _bBhandarkar Publication , _c2010. |
||
| 300 | _a200p. | ||
| 650 | 0 | _aRule of the road at sea | |
| 942 | _cBK | ||